Religion in Belarus - Statistics

General Stats
  • This quiz has been taken 63 times
  • The average score is 6 of 9
Answer Stats
Percentage Religion % Correct
83.3% Orthodox
96%
6.7% Catholic
89%
0.2% Islam
82%
0.5% Protestant
77%
0.1% Judaism
70%
0.1% Buddhism
61%
7.8% None
55%
1.0% Christian
54%
0.3% Other
41%
No matching quizzes found
Score Distribution
Percent of People with Each Score
Percentile by Number Answered
Your Score History
You have not taken this quiz